| Tag |
First Indicator |
Second Indicator |
Subfields |
| LEADER |
00000cam a2200000 a 4500 |
| 001 |
in00000019785 |
| 005 |
20220103114949.0 |
| 007 |
cr unu a |
| 008 |
880706s1986 xx a b 00010 eng d |
| 035 |
|
|
|9 AAB2610AM
|
| 035 |
|
|
|a (OCoLC)18176871
|
| 040 |
|
|
|a TXA
|c TXA
|d UtOrBLW
|
| 049 |
|
|
|a TXAZ [Also in] [Archives]
|c 1 [A09508418], 2 [A09508426]
|
| 099 |
|
|
|a 1986
|a Thesis
|a H813
|
| 100 |
1 |
|
|a Horn, David Samuel,
|d 1957-
|
| 245 |
1 |
0 |
|a Permeation of acrylate compounds through four commercially available gloves /
|c by David Samuel Horn.
|
| 264 |
|
1 |
|a [Place of publication not identified] :
|b [publisher not identified] ;
|c 1986.
|
| 300 |
|
|
|a x, 79 leaves :
|b illustrations ;
|c 29 cm.
|
| 336 |
|
|
|a text
|b txt
|2 rdacontent
|
| 337 |
|
|
|a computer
|b c
|2 rdamedia
|
| 338 |
|
|
|a online resource
|b cr
|2 rdacarrier
|
| 500 |
|
|
|a "Major subject: Industrial Hygiene."
|
| 500 |
|
|
|a Typescript (photocopy).
|
| 500 |
|
|
|a Vita.
|
| 502 |
|
|
|b M.S.
|c Texas A&M University
|d 1986.
|
| 504 |
|
|
|a Bibliography: leaves 51-57.
|
| 530 |
|
|
|a Also available online.
|
| 650 |
|
0 |
|a Gloves.
|
| 650 |
|
0 |
|a Industrial safety.
|
| 650 |
|
0 |
|a Protective clothing.
|
| 650 |
|
4 |
|a Major industrial hygiene.
|
| 856 |
4 |
1 |
|u https://hdl.handle.net/1969.1/ETD-TAMU-1986-THESIS-H813
|z Link to OAKTrust copy
|t 0
|
| 999 |
|
|
|a MARS
|
| 999 |
f |
f |
|s e0aeb048-eb2b-3266-be17-90076ddcf677
|i 744ee37d-1c2f-38a4-a240-87d7147b19a2
|t 0
|
| 952 |
f |
f |
|p noncirc
|a Texas A&M University
|b J.J. Pickle Campus
|c High Density Repository
|s HDR
|d Remote Storage
|t 0
|e 1986 Thesis H813
|h Other scheme
|i computer -- online resource
|m A14839614100
|
| 952 |
f |
f |
|a Texas A&M University
|b College Station
|c Electronic Resources
|s www_evans
|d Available Online
|t 0
|e 1986 Thesis H813
|h Other scheme
|
| 998 |
f |
f |
|a 1986 Thesis H813
|t 0
|l Remote Storage
|
| 998 |
f |
f |
|a 1986 Thesis H813
|t 0
|l Available Online
|